000 00657nam a2200217Ia 4500
001 3222
003 GE_BSU
008 181216s||||||||xx |||||||||||||| ||und||
040 _cGE_BSU
080 _a51(075.8)
100 _aСмирнов.В.И.
245 _aКурс высшей математики. Том четвертый.
245 _bУчебник.
245 _cРед. Г.П.Акилов.
250 _aИзд. пятое.
260 _aМ.
260 _bГос. изд-во физико-математической лит-ры.
300 _a812 стр. 22 см.
653 _aКурс высшей математики.
942 _cBK
999 _c37263
_d37263